000 00681nam a22002057a 4500
008 161008b xxu||||| |||| 00| 0 eng d
020 _a9780618568147
020 _a0618721851
050 _aHF 5636 .N67 2007
100 _aNorton, Curtis L.
245 _aIntermediate Accounting:
_bfinancial reporting and analysis/
_cCurtis L. Norton, Michael A. Diamond and Donald P. Pagach
250 _a2nd ed.
260 _aBoston:
_bHoughton Mifflin Company,
_c2007
300 _axxxi, 989p. :
_bill. ;
500 _aIncludes index.
650 _aAccounting
700 _aDiamond, Michael A.
700 _aPagach, Donald P.
942 _2lcc
_cBOOKS
_hHF 5636 .N67 2007
999 _c14762
_d14762